Statistics for 1990s Movie Quotes Quiz

Click here to take the quiz!

General Stats

  • This quiz has been taken 53,376 times
    (9,812 since last reset)
  • The average score is 14 of 21

Answer Stats

Quote Movie % Correct
Hakuna matataThe Lion King
98%
My mom always said life was like a box of chocolates. You never know
what you're gonna get
Forrest Gump
95%
To infinity, and beyond!Toy Story
91%
Hasta la vista, babyTerminator 2
88%
I'm the king of the world!Titanic
86%
I see dead peopleThe Sixth Sense
84%
Houston, we have a problemApollo 13
83%
They may take our lives, but they'll never take our FREEDOM!!Braveheart
75%
You're shagadelic, baby! Austin Powers
73%
You take the red pill - you stay in Wonderland and I show you how
deep the rabbit-hole goes
The Matrix
69%
Keep the change, ya filthy animal! Home Alone
64%
This one time, at band camp...American Pie
64%
That'll do, pig, that'll do Babe
63%
Show me the money! Jerry Maguire
61%
You can't handle the truth!A Few Good Men
58%
All righty then Ace Ventura
54%
There's no crying in baseball! A League of Their Own
46%
Search every gas station, residence, warehouse, farmhouse, henhouse,
outhouse, and doghouse in that area
The Fugitive
40%
It's not a tumah!Kindergarten Cop
39%
If the Pirates of the Caribbean breaks down, the pirates don't eat the tourists Jurassic Park
38%
Sounds like somebody's got a case of the Mondays Office Space
26%

Score Distribution

Percentile by Number Answered

Percent of People with Each Score

Your Score History

You have not taken this quiz since the last reset